<?xml version="1.0" encoding="UTF-8"?>
<collection xmlns="http://www.loc.gov/MARC21/slim">
 <record>
  <leader>01626nam a22002777a 4500</leader>
  <controlfield tag="001">NCT_141077</controlfield>
  <controlfield tag="008">190812b        xxu||||| |||| 00| 0 vie d</controlfield>
  <datafield tag="999" ind1=" " ind2=" ">
   <subfield code="c">7267</subfield>
   <subfield code="d">7267</subfield>
  </datafield>
  <datafield tag="020" ind1=" " ind2=" ">
   <subfield code="a">9786048121907</subfield>
   <subfield code="c">63000</subfield>
  </datafield>
  <datafield tag="082" ind1="0" ind2="4">
   <subfield code="2">23rd ed.</subfield>
   <subfield code="a">342.597</subfield>
   <subfield code="b">U527</subfield>
  </datafield>
  <datafield tag="100" ind1="1" ind2=" ">
   <subfield code="a">Đoàn Thị Tố Uyên</subfield>
   <subfield code="e">Chủ biên</subfield>
  </datafield>
  <datafield tag="245" ind1="1" ind2="0">
   <subfield code="a">Giáo trình xây dựng văn bản pháp luật</subfield>
   <subfield code="c">Đoàn Thị Tố Uyên (chủ biên) ; Hoàng Minh Hà, Trần Thị Vượng, Cao Kim Oanh</subfield>
  </datafield>
  <datafield tag="250" ind1=" " ind2=" ">
   <subfield code="a">Tái bản lần thứ 5, có sửa đổi, bổ sung</subfield>
  </datafield>
  <datafield tag="260" ind1=" " ind2=" ">
   <subfield code="a">H.</subfield>
   <subfield code="b">Tư pháp</subfield>
   <subfield code="c">2021</subfield>
  </datafield>
  <datafield tag="300" ind1=" " ind2=" ">
   <subfield code="a">322 tr.</subfield>
   <subfield code="c">21cm</subfield>
  </datafield>
  <datafield tag="500" ind1=" " ind2=" ">
   <subfield code="a">ĐTTS ghi: Trường Đại học Luật Hà Nội</subfield>
  </datafield>
  <datafield tag="520" ind1="3" ind2=" ">
   <subfield code="a">Sách khái quát về văn bản pháp luật, quy trình xây dựng văn bản pháp luật, ngôn ngữ trong văn bản pháp luật, hình thức văn bản pháp luật, ...</subfield>
  </datafield>
  <datafield tag="653" ind1=" " ind2=" ">
   <subfield code="a">Luật học</subfield>
  </datafield>
  <datafield tag="700" ind1="1" ind2=" ">
   <subfield code="a"> Hoàng Minh Hà</subfield>
  </datafield>
  <datafield tag="700" ind1="1" ind2=" ">
   <subfield code="a">Trần Thị Vượng</subfield>
  </datafield>
  <datafield tag="700" ind1="1" ind2=" ">
   <subfield code="a">Cao Kim Oanh</subfield>
  </datafield>
  <datafield tag="942" ind1=" " ind2=" ">
   <subfield code="2">ddc</subfield>
   <subfield code="c">BK</subfield>
  </datafield>
  <datafield tag="952" ind1=" " ind2=" ">
   <subfield code="0">0</subfield>
   <subfield code="1">0</subfield>
   <subfield code="2">ddc</subfield>
   <subfield code="4">0</subfield>
   <subfield code="6">342_597000000000000_U527</subfield>
   <subfield code="7">0</subfield>
   <subfield code="9">26161</subfield>
   <subfield code="a">000001</subfield>
   <subfield code="b">000001</subfield>
   <subfield code="d">2022-09-15</subfield>
   <subfield code="l">1</subfield>
   <subfield code="o">342.597 U527</subfield>
   <subfield code="p">MD.20620</subfield>
   <subfield code="q">2023-05-30</subfield>
   <subfield code="r">2023-05-16</subfield>
   <subfield code="s">2023-05-16</subfield>
   <subfield code="v">63000.00</subfield>
   <subfield code="w">2022-09-15</subfield>
   <subfield code="y">BK</subfield>
  </datafield>
  <datafield tag="952" ind1=" " ind2=" ">
   <subfield code="0">0</subfield>
   <subfield code="1">0</subfield>
   <subfield code="2">ddc</subfield>
   <subfield code="4">0</subfield>
   <subfield code="6">342_597000000000000_U527</subfield>
   <subfield code="7">0</subfield>
   <subfield code="9">26162</subfield>
   <subfield code="a">000001</subfield>
   <subfield code="b">000001</subfield>
   <subfield code="d">2022-09-15</subfield>
   <subfield code="o">342.597 U527</subfield>
   <subfield code="p">MD.20621</subfield>
   <subfield code="r">2022-09-15</subfield>
   <subfield code="v">63000.00</subfield>
   <subfield code="w">2022-09-15</subfield>
   <subfield code="y">BK</subfield>
  </datafield>
  <datafield tag="952" ind1=" " ind2=" ">
   <subfield code="0">0</subfield>
   <subfield code="1">0</subfield>
   <subfield code="2">ddc</subfield>
   <subfield code="4">0</subfield>
   <subfield code="6">342_597000000000000_U527</subfield>
   <subfield code="7">0</subfield>
   <subfield code="9">26163</subfield>
   <subfield code="a">000001</subfield>
   <subfield code="b">000001</subfield>
   <subfield code="d">2022-09-15</subfield>
   <subfield code="o">342.597 U527</subfield>
   <subfield code="p">MD.20622</subfield>
   <subfield code="r">2022-09-15</subfield>
   <subfield code="v">63000.00</subfield>
   <subfield code="w">2022-09-15</subfield>
   <subfield code="y">BK</subfield>
  </datafield>
  <datafield tag="980" ind1=" " ind2=" ">
   <subfield code="a">Thư viện Trường Đại học Nam Cần Thơ</subfield>
  </datafield>
 </record>
</collection>
